000 00265nam a22001217a 4500
008 181009b xxu||||| |||| 00| 0 eng d
041 _aeng
080 _a710
100 _a44
101 _aART
245 _aChinese Landscape Painting
_cLee,Sh.E
942 _2udc
_cBK
999 _c49246
_d49246